|
|
|
|
| LEADER |
00000naa a2200000uu 4500 |
| 001 |
vtls011075279 |
| 003 |
SK-MaSNL |
| 005 |
20260302145003.0 |
| 008 |
210908|2007 xo |||||||||||||||||slo| |
| 015 |
|
|
|a SNBRA
|
| 035 |
|
|
|a (urnnbn)urn:nbn:sk:snk:ar-a0cdxe
|
| 035 |
|
|
|a (uuid)b586db0d-764c-4f1e-9bd3-60a0aa2160dc
|
| 035 |
|
|
|a urn:nbn:sk:snk-aavk3m
|
| 040 |
|
|
|a SNKBUCL
|b slo
|c SNKBUCL
|e AACR2
|
| 041 |
0 |
|
|a slo
|
| 044 |
|
|
|a xo
|c SK
|
| 100 |
1 |
|
|a Miženková, Ľudmila,
|d 1969-
|4 aut
|9 188686
|
| 245 |
1 |
0 |
|a HISTÓRIA RESUSCITÁCIE
|c Ľ. Miženková, A. Jacová, B. Kollárová, J. Karaš
|
| 700 |
1 |
|
|a Jacová, A.
|4 aut
|9 789043
|
| 700 |
1 |
|
|a Kollárová, B.
|4 aut
|9 789056
|
| 700 |
1 |
|
|a Karaš, J.
|4 aut
|9 777257
|
| 773 |
0 |
|
|t Molisa 4
|d Prešov : Prešovská univerzita, 2007
|g S. 120-122
|z 9788080686222
|
| 958 |
|
|
|a OND
|
| 958 |
|
|
|a article12
|
| 958 |
|
|
|a chapter
|
| 999 |
|
|
|c 1352012
|d 1353942
|